000 00759nam a22002415i 4500
001 176923
003 ES-MaACL
005 20250822062558.0
008 110218s1971 sp a |||| | spa d
080 _a159.9(035)
100 1 _aThomae, Hans.
_9145275
245 1 0 _aCorrientes principales de la moderna Psicología /
_cH. Thomae y H. Feger.
260 _aMadrid :
_bMorata,
_cimp. 1971.
300 _a183 p. :
_bil. bl. y n. ;
_c24 cm.
490 1 _aFundamentos de Psicología ;
_v7
500 _aÍndices.
504 _aBibliografía.
650 0 7 _aPsicología
_2embne
_916540
700 1 _aFeger, H.
_9145276
830 0 _aFundamentos de psicología
_v7
_9190304
852 _aES-MaACL
_jE-14362
_xOlim P-1665
999 _c176923
_d176923